World Capitals Closest to Berlin - 30 Second Sprint - Statistics

General Stats
  • This quiz has been taken 90 times
  • The average score is 9 of 20
Answer Stats
km capital miles % Correct
524 Vienna 326
84%
518 Warsaw 322
82%
281 Prague 174
78%
355 Copenhagen 221
75%
880 Paris 547
73%
578 Amsterdam 359
70%
652 Brussels 405
68%
754 Bern 468
60%
553 Bratislava 344
51%
603 Luxembourg 575
47%
810 Stockholm 504
42%
933 London 580
36%
661 Vaduz 410
36%
840 Oslo 522
33%
848 Riga 527
22%
689 Budapest 428
21%
820 Vilnius 509
21%
724 Ljubljana 450
18%
954 Minsk 593
16%
771 Zagreb 479
7%
No matching quizzes found
Score Distribution
Percent of People with Each Score
Percentile by Number Answered
Your Score History
You have not taken this quiz